00843nam a22002657a 450000500170000000800410001701000100005801100100006803500100007808200180008810000320010624500380013826000420017630000300021850000130024859000410026159000410030259000410034359000420038465000400042670000290046690100070049594900580050299900170056020220329141301.0971010s1990 r 00010 d a65749 a66721 a75517 a636.0896bB5200aBiberstein, Ernst L.912191 aReview of veterinary microbiology aBoston :bBlackwell Scientific,c1990 a612 p.b: ilus. ; Láms. a1992-265 aBATCH-UPDb10c20130110lUCH01h1559 aBATCH-UPDb10c20130410lUCH01h0956 aBATCH-UPDb10c20130914lUCH01h1817 aCONVERSIONb10c20130109lUCH01h133614aMicrobiología veterinaria.9755000 aZee, Yuan Chung.9123854 aBK a636.0896 B52bZAcLIBROd-8460eLIBROh6051i75517si c65749d65749